Aktuálne otázky aplikačnej praxe povinných osôb vo vzťahu k právu na informácie

Právo na informácie, ktoré uznáva Ústava Slovenskej republiky ako jedno zo základných politických práv. Postup povinných osôb podľa par. 2 ods. 3 InfoZ (zákona o slobodnom prístupe k informáciám) pri vydaní rozhodnutia o nesprístupnení informácie. Priestupok na úseku práva na prístup k informáciám.

Saved in:
Bibliographic Details
Main Author: Horvat, Matej
Format: Book Chapter
Language:Slovak
Subjects:
Tags: Add Tag
No Tags, Be the first to tag this record!

MARC

LEADER 00000naa$a2200000$$$4500
001 0195703
005 20240502083456.7
041 0 |a slo 
044 |a PL 
245 1 0 |a Aktuálne otázky aplikačnej praxe povinných osôb vo vzťahu k právu na informácie  |c Matej Horvat 
520 |a Právo na informácie, ktoré uznáva Ústava Slovenskej republiky ako jedno zo základných politických práv. Postup povinných osôb podľa par. 2 ods. 3 InfoZ (zákona o slobodnom prístupe k informáciám) pri vydaní rozhodnutia o nesprístupnení informácie. Priestupok na úseku práva na prístup k informáciám. 
610 2 0 |a informácie 
610 2 0 |a právo 
610 2 0 |a ústava 
610 2 0 |a zákony 
610 2 0 |a priestupky 
100 1 |a Horvat, Matej